[Event "MVP-ch Seniors op 15th"]
[Site "Binz"]
[Date "2015.11.27"]
[Round "4.65"]
[White "Schwenke, Norbert"]
[Black "Wittmann, Georg"]
[Result "1/2-1/2"]
[WhiteElo "1388"]
[BlackElo "1660"]
[PlyCount "45"]
[EventDate "2015.11.24"]
[EventType "swiss"]
[EventRounds "9"]
[EventCountry "GER"]
[SourceTitle "EXT 2017"]
[Source "ChessBase"]
[SourceDate "2016.10.25"]
[SourceVersion "1"]
[SourceVersionDate "2016.10.25"]
[SourceQuality "1"]

1. Nc3 d5 2. e4 c6 3. d4 dxe4 4. Nxe4 Nd7 5. Nf3 Ngf6 6. Ng3 e6 7. Bg5 Be7 8. Bd3 Qb6 9. Bc1 c5 10. c3 cxd4 11. Nxd4 Bc5 12. Qe2 Bxd4 13. cxd4 Qxd4 14. a3 Ne5 15. Bb5+ Bd7 16. Be3 Qd5 17. Bxd7+ Nfxd7 18. 0-0 Qd3 19. Rfe1 Qxe2 20. Rxe2 0-0 21. Bd4 Nc6 22. Bc3 Nb6 23. Nh5 1/2-1/2

[Event "GER-chA Seniors 27th"]
[Site "Magdeburg"]
[Date "2015.08.18"]
[Round "4"]
[White "Schwertel, Johann"]
[Black "Wittmann, Georg"]
[Result "0-1"]
[WhiteElo "2020"]
[BlackElo "1903"]
[PlyCount "76"]
[EventDate "2015.08.15"]
[EventType "swiss"]
[EventRounds "9"]
[EventCountry "GER"]
[SourceTitle "EXT 2018"]
[Source "ChessBase"]
[SourceDate "2017.10.13"]
[SourceVersion "1"]
[SourceVersionDate "2017.10.13"]
[SourceQuality "1"]

1. d4 d5 2. Nf3 Nf6 3. Bf4 Nbd7 4. e3 e6 5. Nbd2 e5 6. c3 Be7 7. Bd3 0-0 8. Nxe5 Nxe5 9. dxe5 Nd7 10. Qh5 g6 11. Qe2 b6 12. Nf3 Bb7 13. h4 f6 14. h5 g5 15. exf6 Bxf6 16. Bg3 c5 17. Bf5 g4 18. Bxd7 gxf3 19. Be6+ Kh8 20. gxf3 Qe7 21. Bg4 h6 22. 0-0 Rad8 23. Rad1 d4 24. cxd4 Bxd4 25. Qc2 Bg7 26. Rxd8 Qxd8 27. Rd1 Qf6 28. b3 Bxf3 29. Rd6 Qa1+ 30. Rd1 Bxd1 31. Bxd1 Rd8 32. Kg2 Qxd1 33. Qg6 Rf8 34. Qe6 Qxh5 35. f4 Re8 36. Qc6 Rxe3 37. Qc8+ Kh7 38. Qc7 Qf3+ 0-1

[Event "GER-chA Seniors 27th"]
[Site "Magdeburg"]
[Date "2015.08.15"]
[Round "1"]
[White "Wittmann, Georg"]
[Black "Boeven, Manfred"]
[Result "1/2-1/2"]
[WhiteElo "1903"]
[BlackElo "2102"]
[PlyCount "63"]
[EventDate "2015.08.15"]
[EventType "swiss"]
[EventRounds "9"]
[EventCountry "GER"]
[SourceTitle "EXT 2018"]
[Source "ChessBase"]
[SourceDate "2017.10.13"]
[SourceVersion "1"]
[SourceVersionDate "2017.10.13"]
[SourceQuality "1"]

1. c4 e5 2. Nc3 Nf6 3. Nf3 Nc6 4. d4 exd4 5. Nxd4 Bb4 6. Nxc6 bxc6 7. Qb3 Bc5 8. e3 0-0 9. Bd3 Re8 10. 0-0 d5 11. Qc2 Bd6 12. e4 Bxh2+ 13. Kxh2 dxe4 14. Nxe4 Nxe4 15. Kg1 Nf6 16. Bg5 h6 17. Bh4 Be6 18. Rad1 Qe7 19. Be4 g5 20. Bg3 Nxe4 21. Qxe4 Qc5 22. b3 f5 23. Qd3 Re7 24. Rfe1 Rae8 25. Re5 Qa3 26. Qc2 Qb4 27. f4 Kg7 28. Bf2 Qb8 29. Bd4 Kg6 30. fxg5 hxg5 31. Rf1 Qc8 32. Bxa7 1/2-1/2

[Event "MVP-ch Seniors op 14th"]
[Site "Binz"]
[Date "2014.12.01"]
[Round "7"]
[White "Wittmann, Georg"]
[Black "Gebuhr, Guenter"]
[Result "1/2-1/2"]
[WhiteElo "1638"]
[BlackElo "1782"]
[PlyCount "51"]
[EventDate "2014.11.25"]
[EventType "swiss"]
[EventRounds "9"]
[EventCountry "GER"]
[SourceTitle "EXT 2016"]
[Source "ChessBase"]
[SourceDate "2015.10.08"]
[SourceVersion "1"]
[SourceVersionDate "2015.10.08"]
[SourceQuality "1"]

1. c4 Nf6 2. Nc3 c5 3. g3 Nc6 4. Bg2 e6 5. Nf3 d5 6. cxd5 exd5 7. d4 Be6 8. Bg5 cxd4 9. Nxd4 Be7 10. 0-0 0-0 11. a3 h6 12. Bf4 a6 13. b4 Bd6 14. Bxd6 Qxd6 15. Rc1 Rac8 16. Nb3 Rfd8 17. e3 Ne5 18. Nc5 Qe7 19. Ne2 Nc4 20. Qd3 a5 21. Nd4 axb4 22. axb4 b6 23. Ncxe6 fxe6 24. Bh3 Rd6 25. Ra1 Re8 26. Ra2 1/2-1/2

[Event "MVP-ch Seniors op 14th"]
[Site "Binz"]
[Date "2014.11.30"]
[Round "6"]
[White "Juergens, Peter1111"]
[Black "Wittmann, Georg"]
[Result "1/2-1/2"]
[WhiteElo "1824"]
[BlackElo "1638"]
[PlyCount "79"]
[EventDate "2014.11.25"]
[EventType "swiss"]
[EventRounds "9"]
[EventCountry "GER"]
[SourceTitle "EXT 2016"]
[Source "ChessBase"]
[SourceDate "2015.10.08"]
[SourceVersion "1"]
[SourceVersionDate "2015.10.08"]
[SourceQuality "1"]

1. d4 d5 2. Nf3 Nf6 3. Bf4 Nh5 4. Bd2 Nd7 5. e3 g6 6. c4 Nhf6 7. Nc3 c6 8. Qb3 e6 9. Bd3 Qc7 10. Rc1 Bg7 11. cxd5 exd5 12. Nxd5 Nxd5 13. Qxd5 cxd5 14. Rxc7 0-0 15. 0-0 Rd8 16. Bb4 Nb6 17. Rfc1 Rd7 18. h3 Rxc7 19. Rxc7 h6 20. Bd6 Nd7 21. Bb5 Nf8 22. Re7 a6 23. Ba4 b5 24. Bb3 Be6 25. Rc7 Nd7 26. Bc2 Nb6 27. b3 Rc8 28. Kf1 Rxc7 29. Bxc7 Nc8 30. Ne5 Bxe5 31. Bxe5 Kf8 32. Ke1 Bf5 33. Bxf5 gxf5 34. Bc7 Na7 35. Ke2 Ke7 36. Bb6 Nc6 37. Bc5+ Kf6 38. Kf3 Nd8 39. h4 h5 40. Kg3 1/2-1/2

[Event "MVP-ch Seniors op 14th"]
[Site "Binz"]
[Date "2014.11.27"]
[Round "3"]
[White "Kuehne, Klaus Dieter"]
[Black "Wittmann, Georg"]
[Result "1-0"]
[WhiteElo "1937"]
[BlackElo "1638"]
[PlyCount "45"]
[EventDate "2014.11.25"]
[EventType "swiss"]
[EventRounds "9"]
[EventCountry "GER"]
[SourceTitle "EXT 2016"]
[Source "ChessBase"]
[SourceDate "2015.10.08"]
[SourceVersion "1"]
[SourceVersionDate "2015.10.08"]
[SourceQuality "1"]

1. c4 c6 2. e4 d5 3. exd5 cxd5 4. d4 Nf6 5. Nc3 Nc6 6. Bf4 a6 7. Nf3 e6 8. c5 Be7 9. Bd3 0-0 10. Na4 Nd7 11. Rc1 Nb4 12. Bb1 b5 13. cxb6 Bb7 14. Bc7 Qe8 15. 0-0 Bd8 16. Bd6 Be7 17. Bxe7 Qxe7 18. Rc7 Rab8 19. Ne5 Rfd8 20. a3 f6 21. Nxd7 Rxd7 22. Rxd7 Qxd7 23. axb4 1-0

[Event "Hessen-ch Seniors op 10th"]
[Site "Bad Sooden-Allendorf"]
[Date "2014.04.30"]
[Round "5"]
[White "Wittmann, Georg"]
[Black "Alefs, Willi"]
[Result "0-1"]
[WhiteElo "1952"]
[BlackElo "1894"]
[PlyCount "96"]
[EventDate "2014.04.26"]
[EventType "swiss"]
[EventRounds "9"]
[EventCountry "GER"]
[SourceTitle "EXT 2018"]
[Source "ChessBase"]
[SourceDate "2017.10.13"]
[SourceVersion "1"]
[SourceVersionDate "2017.10.13"]
[SourceQuality "1"]

1. c4 Nf6 2. Nc3 e5 3. Nf3 Nc6 4. d4 exd4 5. Nxd4 Ne5 6. e4 d6 7. Bg5 c6 8. f4 Ng6 9. e5 dxe5 10. fxe5 Nxe5 11. Qe2 Qxd4 12. Rd1 Qc5 13. Ne4 Qa5+ 14. Bd2 Bb4 15. Nd6+ Ke7 16. a3 Bxd2+ 17. Rxd2 Bg4 18. Qe3 Nfd7 19. b4 Qc7 20. c5 h6 21. Be2 Bxe2 22. Rxe2 b6 23. 0-0 f6 24. Qb3 bxc5 25. Nf5+ Kf8 26. bxc5 g6 27. Nd4 Nxc5 28. Qb4 Qd6 29. Rxf6+ Qxf6 30. Qxc5+ Kg7 31. Qxe5 Qxe5 32. Rxe5 Rhe8 33. Ra5 Re1+ 34. Kf2 Rc1 35. Ra6 Rf8+ 36. Ke2 Rf7 37. Nxc6 Rc2+ 38. Kd3 Rxg2 39. Nxa7 Rxh2 40. Nb5 Rh3+ 41. Kc4 h5 42. a4 Rhf3 43. Rd6 R3f4+ 44. Nd4 h4 45. Kd5 Kh6 46. a5 h3 47. Ne2 Rf3 48. Ke4 h2 0-1

[Event "Hessen-ch Seniors op 10th"]
[Site "Bad Sooden-Allendorf"]
[Date "2014.04.26"]
[Round "1"]
[White "Wittmann, Georg"]
[Black "Haubt, Georg"]
[Result "0-1"]
[WhiteElo "1952"]
[BlackElo "2206"]
[PlyCount "90"]
[EventDate "2014.04.26"]
[EventType "swiss"]
[EventRounds "9"]
[EventCountry "GER"]
[SourceTitle "EXT 2018"]
[Source "ChessBase"]
[SourceDate "2017.10.13"]
[SourceVersion "1"]
[SourceVersionDate "2017.10.13"]
[SourceQuality "1"]

1. c4 c5 2. Nc3 Nf6 3. Nf3 d5 4. cxd5 Nxd5 5. e3 Nc6 6. Bb5 Nc7 7. Bxc6+ bxc6 8. 0-0 Bg4 9. Qa4 Bxf3 10. gxf3 Qd7 11. Rd1 h5 12. d4 Rh6 13. e4 Rg6+ 14. Kf1 cxd4 15. Rxd4 Rd6 16. Be3 Ne6 17. Rc4 f6 18. Rc1 Nd8 19. Rd1 Rb8 20. Rxd6 exd6 21. b3 Rb7 22. Ke2 g6 23. Rd4 Bg7 24. Qa3 Nf7 25. Ra4 f5 26. b4 d5 27. exd5 cxd5 28. Nd1 Qb5+ 29. Ke1 d4 30. Ra5 Qc4 31. Qa4+ Kf8 32. Rc5 Qe6 33. Rc6 Nd6 34. Qa6 Rb6 35. Rxb6 axb6 36. Qxb6 dxe3 37. fxe3 Be5 38. Qd8+ Kg7 39. a4 Bxh2 40. Qc7+ Kh6 41. b5 Bg3+ 42. Ke2 Qa2+ 43. Kd3 Qxa4 44. Nc3 Qb3 45. b6 Ne4 0-1

[Event "Hessen-ch Seniors op 09th"]
[Site "Bad Sooden-Allendorf"]
[Date "2013.04.28"]
[Round "9"]
[White "Hampe, Werner"]
[Black "Wittmann, Georg"]
[Result "0-1"]
[WhiteElo "1776"]
[BlackElo "1980"]
[PlyCount "142"]
[EventDate "2013.04.20"]
[EventType "swiss"]
[EventRounds "9"]
[EventCountry "GER"]
[SourceTitle "EXT 2019"]
[Source "ChessBase"]
[SourceDate "2018.10.10"]
[SourceVersion "1"]
[SourceVersionDate "2018.10.10"]
[SourceQuality "1"]

1. c4 c6 2. g3 d5 3. Bg2 dxc4 4. Nf3 Nd7 5. Qc2 Nb6 6. a4 a5 7. Na3 Nf6 8. Nxc4 Nxc4 9. Qxc4 Qd5 10. Qc2 Bf5 11. d3 e6 12. 0-0 Qc5 13. Qd1 Be7 14. b3 Qb6 15. Bb2 0-0 16. Rc1 Nd7 17. Rb1 Rfd8 18. h3 Bd6 19. Kh2 e5 20. Nd2 Bc5 21. Nc4 Qc7 22. Rc1 f6 23. Qc2 Rac8 24. Nd2 Bb4 25. Bc3 Ba3 26. Bb2 Bb4 27. Bc3 Bc5 28. Ne4 Bxe4 29. Bxe4 Qb6 30. Bf5 Bxf2 31. e4 Bd4 32. Bxd4 Qxd4 33. Qe2 Rc7 34. Rc4 Qd6 35. Qe3 c5 36. Rfc1 b6 37. R1c2 Nb8 38. R4c3 Nc6 39. Rf2 Nd4 40. Bg4 b5 41. axb5 Nxb5 42. Rcc2 Qxd3 43. Be6+ Kf8 44. Qe1 Nd4 45. Bc4 Qxc2 46. Kg2 Nf3 47. Kxf3 Qd1+ 48. Qxd1 Rxd1 49. Ra2 Ra7 50. h4 Ke7 51. Bd5 Kd6 52. Rc2 Rd4 53. Ra2 a4 54. bxa4 Raxa4 55. Rb2 Rdb4 56. Rd2 Ra3+ 57. Kg2 Rd4 58. Rb2 c4 59. Rb6+ Kc5 60. Rb7 Rxd5 61. exd5 Kxd5 62. Rxg7 c3 63. Rxh7 Ke4 64. Rc7 Ra2+ 65. Kh3 c2 66. h5 Kd3 67. h6 Ra1 68. Kg4 c1Q 69. Rxc1 Rxc1 70. Kf5 e4 71. h7 Rh1 0-1

[Event "Hessen-ch Seniors op 09th"]
[Site "Bad Sooden-Allendorf"]
[Date "2013.04.26"]
[Round "7"]
[White "Wittmann, Georg"]
[Black "Voeller, Lothar"]
[Result "0-1"]
[WhiteElo "1980"]
[BlackElo "1666"]
[PlyCount "92"]
[EventDate "2013.04.20"]
[EventType "swiss"]
[EventRounds "9"]
[EventCountry "GER"]
[SourceTitle "EXT 2019"]
[Source "ChessBase"]
[SourceDate "2018.10.10"]
[SourceVersion "1"]
[SourceVersionDate "2018.10.10"]
[SourceQuality "1"]

1. c4 g6 2. d4 Bg7 3. Nc3 c5 4. Nf3 d6 5. e3 Nd7 6. Be2 Ngf6 7. 0-0 0-0 8. e4 b6 9. Bg5 h6 10. Bf4 cxd4 11. Nxd4 Bb7 12. Be3 Nxe4 13. Nxe4 Bxe4 14. f3 Bb7 15. Qd2 Kh7 16. f4 Nf6 17. f5 Bc8 18. Bf3 d5 19. cxd5 Bxf5 20. Nxf5 gxf5 21. Qc2 Qd7 22. Rad1 Rac8 23. Qd3 e5 24. dxe6 Qxd3 25. Rxd3 fxe6 26. Rfd1 e5 27. Rd6 e4 28. Be2 Rc2 29. R1d2 Rfc8 30. Bd1 Rxd2 31. Bxd2 Rc5 32. Bc3 Rd5 33. Rxd5 Nxd5 34. Bxg7 Kxg7 35. Kf2 Kf6 36. a3 Ke5 37. Bb3 Nf4 38. Bc4 Ng6 39. g3 Ne7 40. Bf7 Nc6 41. Be8 Nd4 42. Bh5 Nb5 43. h4 Nd6 44. Be2 Kd4 45. Bf1 b5 46. Be2 a6 0-1

[Event "MVP-ch Seniors op 12th"]
[Site "Binz"]
[Date "2012.12.06"]
[Round "9"]
[White "Wittmann, Georg"]
[Black "Scholz, Werner"]
[Result "1-0"]
[WhiteElo "1806"]
[BlackElo "1592"]
[PlyCount "119"]
[EventDate "2012.11.28"]
[EventType "swiss"]
[EventRounds "9"]
[EventCountry "GER"]
[SourceTitle "EXT 2014"]
[Source "ChessBase"]
[SourceDate "2013.11.20"]
[SourceVersion "1"]
[SourceVersionDate "2013.11.20"]
[SourceQuality "1"]

1. c4 e5 2. Nc3 Nf6 3. Nf3 Nc6 4. e3 d5 5. cxd5 Nxd5 6. Qb3 Nxc3 7. dxc3 Bd6 8. e4 h6 9. Bb5 Bd7 10. Be3 0-0 11. 0-0 a6 12. Be2 b5 13. Rfd1 Be6 14. Qc2 Qe7 15. Nd2 f5 16. exf5 Bxf5 17. Bd3 Bxd3 18. Qxd3 Qf7 19. Qe4 Ne7 20. Nf3 Qf6 21. c4 Nf5 22. cxb5 Nxe3 23. Qxe3 axb5 24. Qb3+ Kh8 25. Re1 b4 26. Qd5 Rae8 27. Re2 Re7 28. Nd2 Qe6 29. Qxe6 Rxe6 30. Ne4 g5 31. f3 Kg7 32. Rc1 Kg6 33. b3 Rb8 34. Rc4 Rb7 35. Rec2 Re7 36. Rc6 Rd7 37. Rd2 Kg7 38. Nxd6 cxd6 39. Rdxd6 Rxd6 40. Rxd6 Rc7 41. Rb6 Rc1+ 42. Kf2 Rc2+ 43. Kg3 Rxa2 44. Rxb4 h5 45. h4 Kg6 46. hxg5 Kxg5 47. Re4 Ra5 48. Kf2 Rd5 49. Re2 Kf5 50. Rb2 h4 51. b4 Rb5 52. Ke3 Kg5 53. Kd3 Kf4 54. Kc4 Rb8 55. b5 Rc8+ 56. Kd5 Rb8 57. b6 Kf5 58. b7 Kf6 59. Kc6 Ke6 60. Kc7 1-0

[Event "MVP-ch Seniors op 11th"]
[Site "Binz"]
[Date "2011.12.03"]
[Round "4.23"]
[White "Wittmann, Georg"]
[Black "Manthey, Juergen"]
[Result "1/2-1/2"]
[WhiteElo "1776"]
[BlackElo "1888"]
[PlyCount "31"]
[EventDate "2011.11.30"]
[EventType "swiss"]
[EventRounds "9"]
[EventCountry "GER"]
[SourceTitle "EXT 2013"]
[Source "ChessBase"]
[SourceDate "2012.11.22"]
[SourceVersion "1"]
[SourceVersionDate "2012.11.22"]
[SourceQuality "1"]

1. c4 f5 2. Nc3 Nf6 3. d4 g6 4. g3 Bg7 5. Bg2 d6 6. e4 fxe4 7. Nxe4 Nxe4 8. Bxe4 Nc6 9. Ne2 0-0 10. 0-0 Bg4 11. f3 Bf5 12. Bd5+ Kh8 13. Be3 Qe8 14. Qd2 e5 15. Rae1 Rb8 16. Bh6 1/2-1/2

[Event "Niedersachsen-ch Seniors op 14th"]
[Site "Bad Bevensen"]
[Date "2011.07.10"]
[Round "6"]
[White "Wittmann, Georg"]
[Black "Krueger, Bernhard"]
[Result "1/2-1/2"]
[WhiteElo "1761"]
[BlackElo "1647"]
[PlyCount "84"]
[EventDate "2011.07.05"]
[EventType "swiss"]
[EventRounds "9"]
[EventCountry "GER"]
[SourceTitle "EXT 2012"]
[Source "ChessBase"]
[SourceDate "2011.11.24"]
[SourceVersion "1"]
[SourceVersionDate "2011.11.24"]
[SourceQuality "1"]

1. c4 c5 2. Nc3 Nc6 3. Nf3 Nf6 4. d4 cxd4 5. Nxd4 a6 6. g3 e6 7. Bg2 Be7 8. 0-0 0-0 9. e4 Qb6 10. Nb3 d6 11. Be3 Qc7 12. Qe2 Ne5 13. Nd2 Bd7 14. Kh1 Rac8 15. b3 b5 16. f4 Neg4 17. Bg1 Nh6 18. Rae1 b4 19. Nd1 Bc6 20. e5 Bxg2+ 21. Qxg2 Nd7 22. exd6 Qxd6 23. Ne4 Qc6 24. Ne3 Rfe8 25. Rd1 Nc5 26. Nxc5 Qxg2+ 27. Kxg2 Bxc5 28. Rd7 Re7 29. Rfd1 Rxd7 30. Rxd7 Kf8 31. Nc2 Ke8 32. Rb7 Bxg1 33. Kxg1 a5 34. Kf1 Nf5 35. Rb5 Ra8 36. c5 Kd7 37. g4 Kc6 38. Rb6+ Kxc5 39. Rb7 Nd6 40. Rc7+ Kb6 41. Rd7 Kc6 42. Re7 Re8 1/2-1/2

[Event "Niedersachsen-ch Seniors op 14th"]
[Site "Bad Bevensen"]
[Date "2011.07.07"]
[Round "3"]
[White "Wittmann, Georg"]
[Black "Moeller, Peter1111"]
[Result "0-1"]
[WhiteElo "1761"]
[BlackElo "1451"]
[PlyCount "91"]
[EventDate "2011.07.05"]
[EventType "swiss"]
[EventRounds "9"]
[EventCountry "GER"]
[SourceTitle "EXT 2012"]
[Source "ChessBase"]
[SourceDate "2011.11.24"]
[SourceVersion "1"]
[SourceVersionDate "2011.11.24"]
[SourceQuality "1"]

1. c4 e5 2. Nc3 Nf6 3. Nf3 Nc6 4. g3 b6 5. Bg2 Bb7 6. 0-0 Be7 7. Nd5 d6 8. d4 exd4 9. Nxd4 Nxd4 10. Nxf6+ Bxf6 11. Bxb7 Rb8 12. Be4 0-0 13. e3 Ne6 14. Rb1 Nc5 15. Bc2 a5 16. Qh5 g6 17. Qd5 Qd7 18. h4 Qe6 19. Qf3 Qxc4 20. Bd1 Qxa2 21. Qxf6 Qxb1 22. Bg4 Qe4 23. b4 Nd3 24. h5 Qe5 25. Qxe5 Nxe5 26. Be2 axb4 27. f4 Nd7 28. Bb2 Nc5 29. hxg6 hxg6 30. Kg2 f6 31. g4 Kf7 32. Bc4+ Ke7 33. Rh1 Rh8 34. Rb1 Rh7 35. g5 fxg5 36. fxg5 Rh4 37. Bf6+ Kd7 38. Bf7 Ne4 39. Bxg6 Nxf6 40. Bf5+ Ke7 41. gxf6+ Kxf6 42. e4 c5 43. Kf3 Ke5 44. Rd1 Rd8 45. Rd5+ Kf6 46. Bg4 0-1

[Event "Niedersachsen-ch Seniors op 14th"]
[Site "Bad Bevensen"]
[Date "2011.07.05"]
[Round "1"]
[White "Buss, Richard"]
[Black "Wittmann, Georg"]
[Result "0-1"]
[WhiteElo "1429"]
[BlackElo "1761"]
[PlyCount "78"]
[EventDate "2011.07.05"]
[EventType "swiss"]
[EventRounds "9"]
[EventCountry "GER"]
[SourceTitle "EXT 2012"]
[Source "ChessBase"]
[SourceDate "2011.11.24"]
[SourceVersion "1"]
[SourceVersionDate "2011.11.24"]
[SourceQuality "1"]

1. d4 d5 2. Nf3 Nf6 3. Nc3 Bf5 4. e3 Nbd7 5. Be2 e6 6. 0-0 Be7 7. Bd2 h6 8. h3 0-0 9. Qc1 c5 10. dxc5 Nxc5 11. Rd1 Rc8 12. Be1 Nfe4 13. Nxe4 Bxe4 14. Nd2 Nb3 15. Nxb3 Rxc2 16. Nd4 Rxc1 17. Raxc1 a6 18. Nb3 Qb8 19. f3 Bg6 20. g4 Qe5 21. Bf2 Bd6 22. f4 Qxb2 23. Rd2 Qa3 24. Rcd1 Be4 25. Nd4 g6 26. Bf3 Bxf3 27. Nxf3 Bxf4 28. Rd3 Qd6 29. exf4 Qxf4 30. Kg2 Rc8 31. Rd4 Qd6 32. R1d2 e5 33. Bg3 Qe7 34. Nxe5 Kg7 35. Rf2 f6 36. Nf3 Rc4 37. Rd3 Qc5 38. Rfd2 a5 39. Bf2 Qe7 0-1

[Event "Niedersachsen-ch Seniors op 13th"]
[Site "Bad Bevensen"]
[Date "2010.07.08"]
[Round "3"]
[White "Spindler, Egbert"]
[Black "Wittmann, Georg"]
[Result "1/2-1/2"]
[WhiteElo "1577"]
[BlackElo "1752"]
[PlyCount "86"]
[EventDate "2010.07.06"]
[EventType "swiss"]
[EventRounds "9"]
[EventCountry "GER"]
[SourceTitle "EXT 2012"]
[Source "ChessBase"]
[SourceDate "2011.11.24"]
[SourceVersion "1"]
[SourceVersionDate "2011.11.24"]
[SourceQuality "1"]

1. d4 d5 2. Nc3 Nf6 3. Bg5 Ne4 4. Nxe4 dxe4 5. c3 Nd7 6. Qc2 h6 7. Bf4 g5 8. Bd2 Nf6 9. e3 Bg7 10. Ne2 Bf5 11. Ng3 Bd7 12. Be2 0-0 13. Nh5 Nxh5 14. Bxh5 Be6 15. Qd1 Bc4 16. Be2 Bxe2 17. Qxe2 e5 18. 0-0 c6 19. Rad1 Qe7 20. f3 exf3 21. Qxf3 f5 22. Qh5 Qe6 23. b3 Rac8 24. Rde1 Rcd8 25. Qe2 e4 26. Rf2 Rd7 27. Ref1 g4 28. g3 h5 29. h4 Kh7 30. Qc4 Rd5 31. Qb4 c5 32. Qa4 b5 33. Qa5 Qd6 34. Kg2 c4 35. bxc4 bxc4 36. Qa4 Qc7 37. Rb1 Rf6 38. Rff1 Kh6 39. Rb4 Ra5 40. Qc2 Bf8 41. Ra4 Rxa4 42. Qxa4 Bd6 43. Be1 Kg6 1/2-1/2

[Event "Mecklenburg VP-ch Seniors op 09th"]
[Site "Binz"]
[Date "2009.12.09"]
[Round "9.37"]
[White "Klingenberg, Dietrich"]
[Black "Wittmann, Georg"]
[Result "0-1"]
[WhiteElo "1621"]
[BlackElo "1809"]
[PlyCount "80"]
[EventDate "2009.12.01"]
[EventType "swiss"]
[EventRounds "9"]
[EventCountry "GER"]
[SourceTitle "EXT 2022"]
[Source "ChessBase"]
[SourceDate "2021.10.06"]
[SourceVersion "1"]
[SourceVersionDate "2021.10.06"]
[SourceQuality "1"]

1. e4 c6 2. d4 d5 3. e5 Bf5 4. Bd3 Bxd3 5. Qxd3 e6 6. Nf3 Nd7 7. Nbd2 Ne7 8. Nb3 Ng6 9. h4 c5 10. Qe3 Qc7 11. c3 cxd4 12. cxd4 Rc8 13. Bd2 Nb6 14. Rc1 Nc4 15. Qc3 Ne7 16. 0-0 Qd8 17. Qd3 Nc6 18. Bc3 Be7 19. g3 h5 20. Nbd2 g5 21. Nxc4 dxc4 22. Qe4 gxh4 23. gxh4 Rg8+ 24. Kh2 Rg4 25. Qh7 Kd7 26. Qxf7 Qf8 27. Qxf8 Rxf8 28. Rg1 Rxf3 29. Rxg4 hxg4 30. Kg2 Bxh4 31. Rh1 Rh3 32. Rf1 Rd3 33. f3 gxf3+ 34. Rxf3 Rxf3 35. Kxf3 Ne7 36. Ke4 Nd5 37. Bd2 Bf2 38. Bc3 Nxc3+ 39. bxc3 Be1 40. d5 Bxc3 0-1